Grammar Sense 2

Uloženo v:
Podrobná bibliografie
Hlavní autor: Paulik, Cheryl
Médium: Kniha
Jazyk:Undetermined
Vydáno: England Oxford University Press 2004
Témata:
Tagy: Přidat tag
Žádné tagy, Buďte první, kdo otaguje tento záznam!
Thư viện lưu trữ: Trung tâm Học liệu Trường Đại học Cần Thơ
LEADER 00541nam a2200205Ia 4500
001 CTU_64829
008 210402s9999 xx 000 0 und d
020 |c 188000 
082 |a 428.24 
082 |b P337/T.2 
100 |a Paulik, Cheryl 
245 0 |a Grammar Sense 2 
245 0 |c Cheryl Paulik 
260 |a England 
260 |b Oxford University Press 
260 |c 2004 
650 |a English language 
650 |x Textbooks for foreign speakers 
904 |i Năm,Hải 
980 |a Trung tâm Học liệu Trường Đại học Cần Thơ